| 000 | 00579nam a2200241 a 4500 | ||
|---|---|---|---|
| 001 | nice12345678 | ||
| 003 | IN_TiNIC | ||
| 005 | 20260116011646.0 | ||
| 008 | 050524s1975 vara grp 000 0 urd | ||
| 020 |
_a _c8.5 |
||
| 082 | 0 | 0 |
_a297.64 _bSID |
| 100 | _aSiddiqui, Salamullah | ||
| 245 | _aUsman Ghani Ka Nizam-E-Adal | ||
| 260 |
_aVaransi _bAzad Book Depo _c1975 |
||
| 300 | _a240p | ||
| 500 | _aincludes index and biblioraphy | ||
| 505 | 2 | _aIndex | |
| 650 | _aUthman-Caliph | ||
| 700 | 1 | _aSiddiqui, Salamullah | |
| 902 | _bSRS | ||
| 942 | _cBK | ||
| 999 |
_c3210 _d3210 |
||